| 000 | 00457nam a2200181Ia 4500 | ||
|---|---|---|---|
| 001 | 8764 | ||
| 005 | 20260306160634.0 | ||
| 008 | 260306t2006||||xx |||||||||||||| ||spa|| | ||
| 041 | _aESP | ||
| 082 |
_a371.33 _bF18 |
||
| 100 |
_aFalieres, Nancy E. _eAUT |
||
| 245 | 0 | _aCómo enseñar con las nuevas tecnologías en la escuela de hoy | |
| 260 | _c2006 | ||
| 300 |
_a384 páginas : _c28 cm. |
||
| 650 | _aGEN | ||
| 654 | _aCED | ||
| 942 |
_cLIB _dJUS _fJUS _2ddc _n |
||
| 999 |
_c8764 _d8764 |
||